00362nam a2200145 a 4500008004100000020001500041050001500056100002000071245002700091250001300118260002500131300002200156350000900178500002900187120416s1981 ||||||||||||||||| || u a0273016423 aTA 439 Nev aNeville, Adam M10aProperties of concrete a3rd. ed. aLondonbPitmanc1981 aviii, 779p. : ill a0.00 a13 copies in SBE LIBRARY